K-Dramas by Picture #3 - Statistics

General Stats
  • This quiz has been taken 205 times
  • The average score is 8 of 16
Answer Stats
Picture Answer % Correct
Crash Landing On You
91%
Vincenzo
84%
Twenty Five Twenty One
79%
Itaewon Class
78%
Hotel Del Luna
75%
Goblin
65%
It's Okay To Not Be Okay
63%
Reply 1988
58%
Mr Sunshine
34%
Kingdom
29%
Our Blues
27%
SKY Castle
26%
Signal
22%
Navillera
19%
The World of The Married
16%
Reply 1944
2%
No matching quizzes found
Score Distribution
Percent of People with Each Score
Percentile by Number Answered
Your Score History
You have not taken this quiz